| 000 | 00881cam a2200157 4500500 | ||
|---|---|---|---|
| 005 | 20260329002956.0 | ||
| 041 | _afre | ||
| 042 | _adc | ||
| 100 | 1 | 0 |
_aAugustins, Georges _eauthor |
| 245 | 0 | 0 | _aFor Martine: ATPs in Nanterre, among other places |
| 260 | _c2024. | ||
| 500 | _a42 | ||
| 520 | _aThis article presents the various attempts made to establish an independent orthodox Church in the early 20th century in Ukraine. The author analyzes the sowjet government’s policies toward the Church and the role of the latter in the Ukrainians’ social and cultural life. Lastly she examines the present state of the Church and the various expressions of “folk orthodoxy”. | ||
| 786 | 0 | _nEthnologie française | 54 | 3 | 2024-11-15 | p. 129-132 | 0046-2616 | |
| 856 | 4 | 1 | _uhttps://shs.cairn.info/journal-ethnologie-francaise-2024-3-page-129?lang=en&redirect-ssocas=7080 |
| 999 |
_c1820192 _d1820192 |
||